[Event "AUTO-OPEN-3174"]
[Site "http://www.queenalice.com/game.php?id=1251398"]
[Date "2014.1.26"]
[Round "1"]
[White "AlexTenorio"]
[Black "favazza2007"]
[Result "1-0"]
[WhiteElo "1896"]
[BlackElo "1965"]

1. e4 d5 2. e5 Nc6 3. d4 f6 4. f4 fxe5 5. fxe5 Bf5 6. Bd3 e6 7. Bxf5 exf5 8. Nc3
Qh4+ 9. g3 Qxd4 10. Qxd4 Nxd4 11. Nxd5 Nxc2+ 12. Kd1 Nxa1 13. Nxc7+ Kd7 14. Nxa8
Bc5 15. e6+ Kc6 16. Bf4 Bd6 17. Nf3 Bxf4 18. gxf4 Ne7 19. Ne5+ Kd5 20. Nc7+ Kd6
21. Nb5+ Kxe6 22. Kd2 Rd8+ 23. Nd3 Nb3+ 24. axb3 Nd5 25. Nd4+ Kf6 26. Ne2 Nb4
27. Nc1 Nd5 28. Rf1 Nb4 29. Ke2 Nc2 30. Rd1 Re8+ 31. Ne5 Nb4 32. Rd6+ Ke7 33.
Rd7+ Kf8 34. Rxb7 Nc6 35. Nd3 Nxe5 36. Nxe5 g5 37. Kf3 g4+ 38. Kg3 h5 39. Nd7+
Kg7 40. Ne5+ Kf6 41. Rf7+ Ke6 42. Rh7 Rb8 43. Rxh5 Rxb3+ 44. Kh4 Rxb2 45. Nxg4
fxg4 46. Kxg4 a5 47. h4 a4 48. Ra5 Rb4 49. Ra6+ Kf7 50. h5 Kg7 51. Kg5 Rc4 52.
h6+ Kg8 53. f5 Rb4 54. Kg6 Rg4+ 55. Kh5 Rf4 56. Kg5 Rd4 57. f6 Kf7 58. h7 Rd8
59. Rxa4 Rh8 60. Ra7+ Ke6 61. Kg6 Rf8 62. f7 Rh8 63. Kg7 Rb8 64. f8=Q Rb7+ 65.
Rxb7 Ke5 66. h8=Q Ke4 67. Rd7 Ke5 68. Qh6 Ke4 69. Qe6# 1-0

[Event "AUTO-OPEN-3174"]
[Site "http://www.queenalice.com/game.php?id=1251407"]
[Date "2014.1.26"]
[Round "1"]
[White "carloswecker"]
[Black "AlexTenorio"]
[Result "1-0"]
[WhiteElo "2012"]
[BlackElo "1861"]

1. d4 Nf6 2. c4 e6 3. Nc3 Bb4 4. Qc2 Nc6 5. Nf3 O-O 6. Bg5 h6 7. Bxf6 Qxf6 8. e3
d5 9. a3 Bxc3+ 10. Qxc3 Re8 11. cxd5 exd5 12. Bb5 Bd7 13. O-O a6 14. Bxc6 Qxc6
15. Rac1 Qxc3 16. Rxc3 c6 17. Ne5 Bf5 18. Rfc1 f6 19. Nd3 Bxd3 20. Rxd3 f5 21.
g3 g5 22. Rb3 Rab8 23. Rcc3 f4 24. exf4 gxf4 25. Rf3 fxg3 26. fxg3 Re4 27. Rbd3
Re1+ 28. Kf2 Rbe8 29. Rde3 R1xe3 30. Rxe3 Rf8+ 31. Ke2 Kg7 32. Re7+ Rf7 33.
Rxf7+ Kxf7 34. b4 Ke6 35. Ke3 b6 36. g4 h5 37. h3 Kf6 38. Kf4 Kg6 39. gxh5+ Kxh5
40. Ke5 Kh4 41. Kd6 c5 42. bxc5 bxc5 43. Kxc5 Kxh3 44. Kxd5 Kg4 45. Ke6 1-0

[Event "AUTO-OPEN-3174"]
[Site "http://www.queenalice.com/game.php?id=1251408"]
[Date "2014.1.26"]
[Round "1"]
[White "AlexTenorio"]
[Black "carloswecker"]
[Result "1-0"]
[WhiteElo "1850"]
[BlackElo "2028"]

1. e4 e5 2. Nf3 Nc6 3. Bc4 Bc5 4. c3 Nf6 5. d4 exd4 6. cxd4 Bb4+ 7. Nc3 Nxe4 8.
O-O Bxc3 9. d5 Ne7 10. bxc3 O-O 11. Qd4 Nd6 12. Ne5 Nxc4 13. Nxc4 d6 14. Re1 Re8
15. Ne3 Ng6 16. Bb2 Qg5 17. c4 Nf4 18. h4 Nh3+ 19. Kf1 Qg6 20. gxh3 Bxh3+ 21.
Ke2 Qc2+ 22. Kf3 1-0

[Event "Challenge"]
[Site "http://www.queenalice.com/game.php?id=1386748"]
[Date "2015.10.2"]
[Round "-"]
[White "fjalves"]
[Black "AlexTenorio"]
[Result "0-1"]
[WhiteElo "1601"]
[BlackElo "1948"]

1. e4 e5 2. Nf3 Nc6 3. Bb5 a6 4. Bxc6 dxc6 5. Nxe5 Qg5 6. d4 Qxg2 7. Nxf7 Qxh1+
8. Kd2 Qxd1+ 9. Kxd1 Kxf7 10. Bf4 Bg4+ 11. Kd2 Bd6 12. e5 Be7 13. Nc3 Rd8 14.
Be3 c5 15. d5 b5 16. Rg1 b4 17. Na4 Rxd5+ 18. Kc1 Bd7 19. b3 Bxa4 20. bxa4 Rxe5
21. Rg4 Nf6 22. Rh4 Nd5 23. Rh3 Nxe3 24. fxe3 Bg5 25. Rf3+ Ke6 26. Kb2 Rxe3 27.
Rxe3+ Bxe3 28. Kb3 g5 29. Kc4 Rd8 30. c3 bxc3 31. Kxc3 g4 32. a3 Bf4 33. Kc4 Rd5
34. Kc3 Bxh2 35. Kc4 g3 36. Kc3 g2 37. Kc4 g1=Q 38. Kc3 Qc1+ 39. Kb3 Rd3+ 40.
Ka2 Rxa3# 0-1

[Event "AUTO-ADV-3530"]
[Site "http://www.queenalice.com/game.php?id=1393498"]
[Date "2015.11.10"]
[Round "1"]
[White "Fernandoalves"]
[Black "AlexTenorio"]
[Result "0-1"]
[WhiteElo "1658"]
[BlackElo "1898"]

1. d4 Nf6 2. c3 e6 3. Nf3 d5 4. Bf4 c5 5. e3 c4 6. h3 Ne4 7. Ne5 f6 8. Qh5+ Ke7
9. Qf7+ Kd6 10. Nd7+ Kc6 11. Nxb8+ Kb6 12. f3 Nd6 13. Qh5 Rxb8 14. b3 g6 15. Qh4
g5 16. Qg3 gxf4 17. Qxf4 a6 18. bxc4 dxc4 19. Nd2 Ka7 20. g4 Qa5 21. Nb1 Nb5 22.
Bxc4 Nxc3 23. O-O Bd7 24. Qxf6 Ba3 25. d5 Bb2 26. Qd4+ b6 0-1

[Event "AUTO-ADV-3530"]
[Site "http://www.queenalice.com/game.php?id=1393499"]
[Date "2015.11.10"]
[Round "1"]
[White "AlexTenorio"]
[Black "Fernandoalves"]
[Result "1-0"]
[WhiteElo "1904"]
[BlackElo "1652"]

1. e4 e5 2. Nf3 a6 3. Nxe5 Nf6 4. Nc3 d6 5. Nf3 c6 6. d4 h6 7. e5 Nh5 8. h3 g5
9. g4 Nf4 10. Bxf4 gxf4 11. d5 c5 12. Ne4 dxe5 13. Bg2 Qe7 14. d6 Qe6 15. Nxc5
Qc4 16. Nb3 Nc6 17. Nfd2 Qb4 18. c3 Qxd6 19. Nc4 Qxd1+ 20. Rxd1 Ne7 21. Nd6+ Kd8
22. Nxf7+ Kc7 23. Nxh8 Ra7 24. Nf7 Kb8 25. Rd8 Nc6 26. Rxf8 b5 27. Nd6 1-0

[Event "AUTO-ADV-3530"]
[Site "http://www.queenalice.com/game.php?id=1393516"]
[Date "2015.11.10"]
[Round "1"]
[White "AlexTenorio"]
[Black "Givanildo"]
[Result "1-0"]
[WhiteElo "1950"]
[BlackElo "1700"]

1. e4 d5 2. exd5 Qxd5 3. Nc3 Qe6+ 4. Be2 Nf6 5. d4 Bd7 6. d5 Qe5 7. Nf3 Qd6 8.
Bb5 c6 9. dxc6 Qxd1+ 10. Nxd1 bxc6 11. Bc4 e6 12. O-O Bd6 13. Bg5 h6 14. Bxf6
gxf6 15. Nd4 Rg8 16. Nc3 c5 17. Ndb5 Be5 18. Na4 Nc6 19. Nxc5 Bc8 20. f4 Bxb2
21. Nc7+ Ke7 22. Nxa8 Bd4+ 23. Kh1 Bxc5 24. Nc7 f5 25. Na6 Bb6 26. Rfd1 Bb7 27.
Bf1 e5 28. fxe5 Nxe5 29. Nb4 Ng4 30. Nd3 Bd4 31. Rab1 Bd5 32. h3 Nf2+ 33. Nxf2
Bxg2+ 34. Bxg2 Bxf2 35. Rf1 Bh4 36. Rxf5 f6 37. Rb7+ Ke6 38. Rbb5 a6 39. Ra5 Rd8
40. Rfd5 Rb8 41. Rxa6+ Ke7 42. Be4 Rb1+ 43. Kg2 Rb8 44. Bf5 Rg8+ 45. Bg4 Kf7 46.
Kf3 Kg7 47. Ra7+ Kh8 48. Rdd7 Rg6 49. Rh7+ Kg8 50. Be6+ Kf8 51. Ra8# 1-0

[Event "AUTO-ADV-3530"]
[Site "http://www.queenalice.com/game.php?id=1393517"]
[Date "2015.11.10"]
[Round "1"]
[White "Givanildo"]
[Black "AlexTenorio"]
[Result "1/2-1/2"]
[WhiteElo "1673"]
[BlackElo "1956"]

1. e3 e5 2. d4 e4 3. Bb5 a6 4. Ba4 b5 5. Bb3 a5 6. Qg4 Nf6 7. Qe2 a4 8. Bxf7+
Kxf7 9. Qxb5 c6 10. Qc4+ d5 11. Qe2 c5 12. Bd2 cxd4 13. exd4 Qb6 14. Bc3 Bb4 15.
Nd2 Bxc3 16. bxc3 Qb2 17. Rb1 Qxc3 18. Nh3 Bxh3 19. gxh3 Qxc2 20. O-O Qxa2 21.
Rb7+ Nbd7 22. h4 Rhb8 23. Rxd7+ Nxd7 24. f3 Nf6 25. fxe4 dxe4 26. h5 Rb2 27.
Qxe4 Re8 28. Qxh7 Rxd2 29. Qg6+ Kf8 30. h6 Re7 31. h7 Rxh2 32. Rxf6+ gxf6 33.
Qxf6+ Rf7 34. Qd8+ Kg7 35. Qg8+ Kf6 36. h8=Q+ Rxh8 37. Qxh8+ Rg7+ 38. Kf1 Qc4+
39. Ke1 Qc3+ 40. Ke2 Qc4+ 41. Ke3 Qe6+ 42. Kd2 Kg6 43. Qh1 Qa2+ 44. Kd3 Kf7 45.
Qf3+ Ke7 46. Qb7+ Kf6 47. Qf3+ Ke6 48. Qe4+ Kf6 49. Qe5+ Kg6 50. Qe4+ Kf7 51.
Qf5+ Ke8 52. Qc8+ Ke7 53. Qc7+ Kf8 54. Qd8+ Kf7 55. Qd7+ Kg6 56. Qg4+ Kf6 57.
Qf4+ Ke7 58. Qc7+ Ke6 59. Qe5+ Kf7 60. Qc7+ Ke6 61. Qe5+ Kf7 1/2-1/2

[Event "AUTO-ADV-3530"]
[Site "http://www.queenalice.com/game.php?id=1393518"]
[Date "2015.11.10"]
[Round "1"]
[White "AlexTenorio"]
[Black "MariusLola"]
[Result "1-0"]
[WhiteElo "1932"]
[BlackElo "1923"]

1. e4 e5 2. Nf3 Nc6 3. Bc4 Be7 4. d4 exd4 5. Nxd4 Nf6 6. Nxc6 bxc6 7. e5 Ne4 8.
Qf3 d5 9. Bd3 Bg5 10. Bxe4 dxe4 11. Bxg5 Qxg5 12. Qxe4 Qc1+ 13. Ke2 Qxh1 14.
Qxc6+ Kd8 15. Qxa8 Qxh2 16. Qd5+ Ke8 17. Nc3 Bg4+ 18. Ke3 Qh6+ 19. f4 Qb6+ 20.
Qd4 Qxb2 21. Rb1 Qxc2 22. Rb8+ Ke7 23. Rxh8 Qxg2 24. Qd8+ Ke6 25. Re8+ Kf5 26.
Qg5# 1-0

[Event "AUTO-ADV-3530"]
[Site "http://www.queenalice.com/game.php?id=1393519"]
[Date "2015.11.10"]
[Round "1"]
[White "MariusLola"]
[Black "AlexTenorio"]
[Result "1-0"]
[WhiteElo "1850"]
[BlackElo "1945"]

1. d4 Nf6 2. c4 e6 3. g3 c5 4. d5 Nxd5 5. cxd5 c4 6. dxe6 fxe6 7. Bg2 d5 8. Nf3
Nc6 9. O-O Bd6 10. Bg5 Qb6 11. b3 Ne5 12. Nbd2 c3 13. Nb1 Nxf3+ 14. Bxf3 Be5 15.
Qc2 d4 16. e3 O-O 17. exd4 Bxd4 18. Nxc3 Rxf3 19. Na4 Qa5 20. Qe4 Bxf2+ 21. Rxf2
Rxf2 22. Kxf2 Qxg5 23. Rd1 Qf5+ 24. Qxf5 exf5 25. Rd8+ Kf7 26. Nc5 a6 27. Rh8 b6
28. Nd7 Bb7 29. Rxa8 Bxa8 30. Nxb6 Be4 31. a3 Ke6 32. Ke3 g5 33. b4 h5 34. a4
Bc6 35. a5 Bb5 36. Kd4 f4 37. gxf4 Kf5 38. Nd5 gxf4 39. Nc7 f3 40. Ke3 Bc6 41.
Nxa6 Kg4 42. Kf2 Kf4 43. Nb8 Bd5 44. a6 Ke5 45. Nd7+ Kd4 46. Nb6 Bc6 47. a7 Kc3
48. a8=Q Bxa8 49. Nxa8 Kxb4 50. Kxf3 Kc5 51. Kf4 Kc6 52. Kg5 Kb7 53. Kxh5 Kxa8
54. h4 Kb8 55. Kg6 Kc7 56. Kg7 Kd6 57. h5 Ke6 58. h6 Ke7 59. h7 Ke8 60. h8=Q+
Ke7 61. Kg6 Kd6 62. Qf6+ Kd5 63. Kf5 Kc4 64. Qe5 Kd3 65. Qe4+ Kc3 66. Ke5 Kb3
67. Qc6 Kb4 68. Kd4 Kb3 69. Qc4+ Kb2 70. Kd3 Ka3 71. Qb5 Ka2 72. Qb4 Ka1 73. Kc2
Ka2 74. Qa5# 1-0

[Event "Challenge"]
[Site "http://www.queenalice.com/game.php?id=1395340"]
[Date "2015.11.21"]
[Round "-"]
[White "fjalves"]
[Black "AlexTenorio"]
[Result "1-0"]
[WhiteElo "1641"]
[BlackElo "1925"]

1. e4 e5 2. Nf3 Nc6 3. Bc4 Bc5 4. Nc3 Nf6 5. d3 d6 6. Ng5 Ng4 7. Bxf7+ Kf8 8.
O-O h6 9. Ne6+ Bxe6 10. Bxe6 Nf6 11. Nd5 Nxd5 12. Bxd5 Rb8 13. Qf3+ Qf6 14. Qh3
g5 15. Kh1 Nb4 16. Bb3 Kg7 17. Qd7+ Kg6 18. Qxc7 g4 19. Qd7 h5 20. c3 Nxd3 21.
Be3 Rh7 22. Qb5 Nxf2+ 23. Rxf2 Qh4 24. g3 Qh3 25. Bxc5 dxc5 26. Qxc5 h4 27. Qd6+
Kg7 28. Qe7+ Kh6 29. Qf6+ Kh5 30. Rf5# 1-0

[Event "CEFET/AL-1999"]
[Site "http://www.queenalice.com/game.php?id=1396986"]
[Date "2015.12.2"]
[Round "1"]
[White "Deleon"]
[Black "AlexTenorio"]
[Result "1-0"]
[WhiteElo "1500"]
[BlackElo "1910"]

1. e4 e5 2. Nf3 Nc6 3. Bb5 a6 4. Bxc6 dxc6 5. d3 Bg4 6. Nbd2 Bc5 7. h3 Bxf3 8.
Qxf3 Ne7 9. Qg3 O-O 10. Qxe5 Ng6 11. Qxc5 Nh4 12. O-O f5 13. b3 fxe4 14. Nxe4
Nf5 15. Bb2 b6 16. Qxc6 Ne7 17. Qe6+ Kh8 18. Qe5 Rf7 19. Qh5 Rf5 20. Qh6 Qf8 21.
Ng5 Qg8 22. Rae1 Nd5 23. c4 Nf6 24. Qh4 h6 25. Ne6 Qf7 26. Qg3 c5 27. Nc7 Ra7
28. Nd5 Nxd5 29. cxd5 Qxd5 30. Qb8+ Kh7 31. Qxa7 Rg5 32. f3 Qxd3 33. Rd1 1-0

[Event "AUTO-ADV-3530"]
[Site "http://www.queenalice.com/game.php?id=1410822"]
[Date "2016.2.24"]
[Round "2"]
[White "Givanildo"]
[Black "AlexTenorio"]
[Result "0-1"]
[WhiteElo "1688"]
[BlackElo "1851"]

1. d4 d5 2. Bf4 c5 3. Bxb8 Rxb8 4. dxc5 Qa5+ 5. c3 Qxc5 6. b4 Qc4 7. e3 Qc6 8.
Ne2 e5 9. a4 Nf6 10. Ng3 Qc7 11. h3 a6 12. a5 Bf5 13. Nxf5 Ne4 14. Qa4+ b5 15.
axb6+ Qd7 16. Qxa6 Qxf5 17. Bb5+ Kd8 18. f3 Ng3 19. Bd3 e4 20. Be2 Nxh1 21. f4
Qc8 22. Qb5 Qb7 23. Bg4 h5 24. Bf5 g6 25. Bxe4 dxe4 26. Nd2 Ng3 27. O-O-O Qxb6
28. Nc4+ Bd6 29. Rxd6+ Qxd6 30. Qg5+ Qe7 31. Qxg3 Qf6 32. Ne5 Rc8 33. Qe1 Rc7
34. Qd2+ Kc8 35. Qd5 Qa6 36. Kb2 Qb7 37. Qd4 Rd8 38. Nd7 Rcxd7 39. Qc4+ Rc7 40.
Qe2 Qc6 41. Qc2 Rd3 42. g4 Qxc3+ 43. Qxc3 Rcxc3 44. gxh5 gxh5 45. h4 Rxe3 46.
Kb1 Red3 0-1

[Event "AUTO-ADV-3530"]
[Site "http://www.queenalice.com/game.php?id=1410823"]
[Date "2016.2.24"]
[Round "2"]
[White "AlexTenorio"]
[Black "Givanildo"]
[Result "0-1"]
[WhiteElo "1886"]
[BlackElo "1712"]

1. e4 d5 2. e5 e6 3. d4 Bd7 4. c4 Bb4+ 5. Bd2 Bxd2+ 6. Nxd2 Nh6 7. cxd5 Qh4 8.
dxe6 Bxe6 9. Qf3 O-O 10. Qxb7 Nd7 11. Ngf3 Qe7 12. Qxc7 Nf5 13. Bc4 Bxc4 14.
Nxc4 Rac8 15. Qxa7 Rxc4 16. O-O Qe8 17. Rac1 Rxc1 18. Rxc1 Nb8 19. Rc5 Nc6 20.
d5 Nxa7 0-1

[Event "AUTO-ADV-3530"]
[Site "http://www.queenalice.com/game.php?id=1410828"]
[Date "2016.2.24"]
[Round "2"]
[White "AlexTenorio"]
[Black "Gera"]
[Result "0-1"]
[WhiteElo "1857"]
[BlackElo "2118"]

1. e4 Nc6 2. d4 d5 3. e5 e6 4. Bb5 Bd7 5. Nf3 Nge7 6. Bg5 a6 7. Bxe7 Bxe7 8.
Bxc6 Bxc6 9. a3 O-O 10. Nbd2 Bd7 11. c4 c6 12. c5 f6 13. O-O Be8 14. exf6 Bxf6
15. Re1 Qc8 16. Qe2 Bf7 17. Ne5 Bxe5 18. Qxe5 Qd7 19. f4 Rae8 20. Nf3 h6 21. Nh4
Qd8 22. g3 Kh7 23. g4 Qxh4 24. g5 Qg4+ 25. Kh1 Qf3+ 26. Kg1 Bg6 27. gxh6 gxh6
28. Rf1 Qg4+ 29. Kh1 Be4+ 30. Qxe4+ dxe4 31. Rae1 Rxf4 32. Rg1 Qf5 33. Re2 Qh3
34. Reg2 Qf3 35. a4 Rg8 36. a5 Rxg2 37. Rxg2 Rg4 38. Kg1 Qxg2# 0-1

[Event "AUTO-ADV-3530"]
[Site "http://www.queenalice.com/game.php?id=1410829"]
[Date "2016.2.24"]
[Round "2"]
[White "Gera"]
[Black "AlexTenorio"]
[Result "1-0"]
[WhiteElo "2105"]
[BlackElo "1863"]

1. Nf3 Nc6 2. d4 e6 3. e4 d5 4. exd5 Qxd5 5. c4 Qe4+ 6. Be2 Bb4+ 7. Bd2 Nxd4 8.
Nxd4 Qxd4 9. Bxb4 Qxb2 10. Bc3 Qb6 11. Bxg7 f6 12. Bxh8 Qa5+ 13. Nd2 Qg5 14. O-O
e5 15. Ne4 Qh4 16. Qd5 Kf8 17. c5 Ne7 18. Qd8+ Kf7 19. Bc4+ Kg6 20. Rfe1 Nf5 21.
Qg8+ Kh6 22. Bxf6 Qf4 23. Bg5+ Qxg5 24. Qxg5# 1-0

[Event "AUTO-ADV-3530"]
[Site "http://www.queenalice.com/game.php?id=1410830"]
[Date "2016.2.24"]
[Round "2"]
[White "AlexTenorio"]
[Black "silverado"]
[Result "0-1"]
[WhiteElo "1910"]
[BlackElo "1990"]

1. e4 e5 2. Nf3 Nc6 3. Bc4 Nd4 4. Nxe5 Qg5 5. Bxf7+ Ke7 6. Bxg8 Qxg2 7. Bc4
Qxh1+ 8. Bf1 Qxe4+ 9. Be2 Nxc2+ 10. Kf1 Qh1# 0-1

[Event "AUTO-ADV-3530"]
[Site "http://www.queenalice.com/game.php?id=1410831"]
[Date "2016.2.24"]
[Round "2"]
[White "silverado"]
[Black "AlexTenorio"]
[Result "1-0"]
[WhiteElo "2020"]
[BlackElo "1897"]

1. e4 e5 2. Nf3 Nc6 3. Bc4 h6 4. Nc3 Nf6 5. d3 Bb4 6. Bd2 d6 7. h3 Bxc3 8. Bxc3
Qe7 9. O-O Be6 10. Bb5 Bd7 11. a4 a6 12. Bc4 Be6 13. b4 d5 14. exd5 Bxd5 15.
Bxd5 Nxd5 16. Bxe5 Nxe5 17. Nxe5 Qxb4 18. Qh5 Qe7 19. Rfe1 O-O 20. Ng6 fxg6 21.
Qxd5+ Qf7 22. Re6 Qxf2+ 23. Kh1 Kh7 24. Qxb7 Ra7 25. Qe4 Rf6 26. Rxf6 Qxf6 27.
Re1 c6 28. Kh2 Re7 29. Qxe7 1-0